|
|
|
|
| LEADER |
01091nam a2200265 u 4500 |
| 001 |
10119626 |
| 003 |
upatras |
| 005 |
20210117205809.0 |
| 008 |
160328s1965 ge ger |
| 040 |
|
|
|a GR-PaULI
|c GR-PaULI
|
| 041 |
0 |
|
|a ger
|
| 082 |
0 |
4 |
|a 530.143
|
| 100 |
1 |
|
|a Macke, Wilhelm
|d 1920-1994
|4 aut
|9 56826
|
| 245 |
1 |
0 |
|a Quanten und Relativitat
|b ein lehrbuch der theoretischen physik
|c Wilhelm Macke
|
| 250 |
|
|
|a 2e. Durchgesehene Aufl.
|
| 260 |
|
|
|a Leipzig
|b Akademische Verlagsgesellschaft Geest & Portig K.G.
|c 1965
|
| 300 |
|
|
|a x, 237 σ.
|b σχήμ.
|c 23 εκ.
|
| 500 |
|
|
|a Mit 16 Abbildungen
|
| 504 |
|
|
|a Περιλαμβάνει βιβλιογραφία και ευρετήριο
|
| 650 |
|
4 |
|a Θεωρία των κβάντα
|9 765
|
| 852 |
|
|
|a GR-PaULI
|b ΠΑΤΡΑ
|b ΒΚΠ
|b ΒΣ1
|k ΑΣΧΞ
|h 530.143 MAC
|m 02668
|p 025000241442
|t 1
|
| 942 |
|
|
|2 ddc
|c BK15
|
| 952 |
|
|
|0 0
|1 0
|4 0
|6 530_143000000000000_MAC
|7 0
|9 191337
|a LISP
|b LISP
|c BSC
|d 2016-04-24
|i 02668
|l 0
|o 530.143 MAC
|p 025000241442
|r 2016-04-24 00:00:00
|t 1
|w 2016-04-24
|y BK15
|
| 998 |
|
|
|c ΜΠΟΥΡΑΣ
|d 2016-03
|
| 999 |
|
|
|c 117543
|d 117543
|